• 首页
  • 本馆介绍
  • 公告通知
  • 最新文献
  • 馆藏检索
  • 电子资源
  • 读者导购
  • 参考咨询
  • 我的图书馆
  • 登录
  • 详细信息显示
  • 放入我的书架
  • 预约/预借图书
  • 作者相关作品
  • 分类相关作品
  • 丛书相关作品
  • 出版社相关作品

书目信息

  • 表格格式
  • 工作单格式
  • 卡片格式
题名:
中国红木家具消费指南
    
 
作者: 纪亮 , 蒋劲东 主编
分册:  
出版信息: 北京   中国林业出版社  2018
页数: 191页
开本: 26cm
丛书名:
单 册:
中图分类: TS664.1-62 , TS664.1
科图分类:
主题词: 红木科--木家具--中国--指南
电子资源:
ISBN: 978-7-5038-9470-1
000 01315nam0 2200277 450
001 2353680570
005 20231208145457.90
010    @a978-7-5038-9470-1@dCNY 80.00
100    @a20180703d2018 em y0chiy0120 ea
101 0  @achi
102    @aCN@b110000
105    @aa z 000yy
200 1  @a中国红木家具消费指南@Azhong guo hong mu jia ju xiao fei zhi nan@b专著@dChina Hongmu furniture consuming guide@f纪亮,蒋劲东主编@zeng
210    @a北京@c中国林业出版社@d2018
215    @a191页@c图,彩照@d26cm
314    @a纪亮,男,中国林产工业协会中式家具专业委员会秘书长、中国林业木文化协会副秘书长。代表作品:《大国匠造——中国红木家具制作图谱》、《明清家具制作与鉴赏分解图鉴》等。
314    @a蒋劲东,男,高级工程师、浙江省木雕红木家具产品质量检验中心主任、国际木材解剖家协会中国分会会员等。
330    @a本书立足行业,作者权威,从红木家具的文化、历史、材质、造型、技艺、创新、选购、养护、收藏、陈设入手,全面系统的讲述中国红木家具的知识,由浅入深,有点带面,能够为消费者提供实用、真实、权威的红木家具选购指南。
510 1  @aChina Hongmu furniture consuming guide@zeng
606 0  @a红木科@x木家具@y中国@j指南
690    @aTS664.1-62@v5
690    @aTS664.1@v4
701  0 @a纪亮@Aji liang@4主编
701  0 @a蒋劲东@Ajiang jin dong@4主编
801  2 @aCN@b辽宁北配@c20231205
905    @aZUCC@dTS664.1@e2
    
    中国红木家具消费指南=China Hongmu furniture consuming guide/纪亮,蒋劲东主编.-北京:中国林业出版社,2018
    191页:图,彩照;26cm
    
    
    ISBN 978-7-5038-9470-1:CNY 80.00
    本书立足行业,作者权威,从红木家具的文化、历史、材质、造型、技艺、创新、选购、养护、收藏、陈设入手,全面系统的讲述中国红木家具的知识,由浅入深,有点带面,能够为消费者提供实用、真实、权威的红木家具选购指南。
●
相关链接 在五车中查询图书 在当当中查询图书 在豆瓣中查询图书


正题名:中国红木家具消费指南     索取号:TS664.1/2         预约/预借

序号 登录号 条形码 馆藏地/架位号 状态 备注
1 2001250606   2001250606   第四书库/四22架B面2层1列/ [索取号:TS664.1/2] 在馆    
2 2001250607   2001250607   第四书库/四22架B面2层1列/ [索取号:TS664.1/2] 在馆    
3 2001250608   2001250608   第四书库/四22架B面2层1列/ [索取号:TS664.1/2] 在馆    
4 2001250609   2001250609   315书库/四22架B面2层1列/ [索取号:TS664.1/2] 在馆    
5 2001250610   2001250610   315书库/ [索取号:TS664.1/2] 在馆    
6 2001250611   2001250611   315书库/ [索取号:TS664.1/2] 在馆    
7 2001250612   2001250612   315书库/ [索取号:TS664.1/2] 在馆    
8 2001250613   2001250613   315书库/ [索取号:TS664.1/2] 在馆    
9 2001250614   2001250614   第四书库/四22架B面2层1列/ [索取号:TS664.1/2] 在馆    
10 2001250615   2001250615   315书库/ [索取号:TS664.1/2] 在馆    
11 2001250616   2001250616   315书库/ [索取号:TS664.1/2] 在馆    
12 2001250617   2001250617   第四书库/四22架B面2层1列/ [索取号:TS664.1/2] 在馆    
13 2001250618   2001250618   第四书库/四22架B面2层1列/ [索取号:TS664.1/2] 在馆    
14 2001250619   2001250619   第四书库/四22架B面2层1列/ [索取号:TS664.1/2] 在馆    
15 2001250620   2001250620   第四书库/四22架B面2层1列/ [索取号:TS664.1/2] 在馆    
16 2001250621   2001250621   315书库/四22架B面2层1列/ [索取号:TS664.1/2] 在馆    
17 2001250622   2001250622   315书库/四22架B面2层1列/ [索取号:TS664.1/2] 在馆    
18 2001250623   2001250623   315书库/四22架B面2层1列/ [索取号:TS664.1/2] 在馆    
19 2001250624   2001250624   第四书库/四22架B面2层1列/ [索取号:TS664.1/2] 在馆    
20 2001250625   2001250625   315书库/四22架B面2层1列/ [索取号:TS664.1/2] 在馆    
21 2001250626   2001250626   315书库/四22架B面2层1列/ [索取号:TS664.1/2] 在馆    
22 2001250627   2001250627   培训中心一楼图书角/四22架B面2层1列/ [索取号:TS664.1/2] 在馆    
23 2001250628   2001250628   培训中心一楼图书角/四22架B面2层1列/ [索取号:TS664.1/2] 在馆    
24 2001250629   2001250629   培训中心一楼图书角/四22架B面2层1列/ [索取号:TS664.1/2] 在馆    
25 2001250630   2001250630   515书库/ [索取号:TS664.1/2] 在馆    
26 2001250631   2001250631   515书库/ [索取号:TS664.1/2] 在馆    
27 2001250632   2001250632   515书库/ [索取号:TS664.1/2] 在馆    
28 2001250633   2001250633   515书库/ [索取号:TS664.1/2] 在馆    
29 2001250634   2001250634   515书库/ [索取号:TS664.1/2] 在馆    
30 2001250635   2001250635   515书库/ [索取号:TS664.1/2] 在馆    
山东省滨州职业学院图书馆 欢迎您!
大连网信软件有限公司© 版权所有